ბათუმის შოთა რუსთაველის სახელმწიფო უნივერსიტეტის ბიბლიოთეკა

მზე, ღიმილი და სიყვარული (ბიბ.ჩანაწერი № 48780)

000 -LEADER
fixed length control field 00981nam a2200241Ia 4500
001 - CONTROL NUMBER
control field 15681
003 - CONTROL NUMBER IDENTIFIER
control field GE_BSU
008 - FIXED-LENGTH DATA ELEMENTS--GENERAL INFORMATION
fixed length control field 181216s||||||||xx |||||||||||||| ||und||
040 ## - CATALOGING SOURCE
Transcribing agency GE_BSU
080 ## - UNIVERSAL DECIMAL CLASSIFICATION NUMBER
Universal Decimal Classification number 821.353.1-32
100 ## - MAIN ENTRY--PERSONAL NAME
Personal name ჩაჩიბაია, არჩილ
245 ## - TITLE STATEMENT
Title მზე, ღიმილი და სიყვარული
245 ## - TITLE STATEMENT
Remainder of title მოთხრობები
245 ## - TITLE STATEMENT
Statement of responsibility, etc. რედ.ც.ჩხეიძე. მხატვ.ა.რამიშვილი
260 ## - PUBLICATION, DISTRIBUTION, ETC.
Place of publication, distribution, etc. თბილისი
260 ## - PUBLICATION, DISTRIBUTION, ETC.
Name of publisher, distributor, etc. ლიტერატურა და ხელოვნება
260 ## - PUBLICATION, DISTRIBUTION, ETC.
Date of publication, distribution, etc. 1964
300 ## - PHYSICAL DESCRIPTION
Extent 307გვ. ; 17სმ
653 ## - INDEX TERM--UNCONTROLLED
Uncontrolled term მზე, ღიმილი და სიყვარული
653 ## - INDEX TERM--UNCONTROLLED
Uncontrolled term მზე, ღიმილი და სიყვარული. - მზიანი ჩრდილები. - სიცოცხლისათვის
653 ## - INDEX TERM--UNCONTROLLED
Uncontrolled term მოთხრობები
942 ## - ADDED ENTRY ELEMENTS (KOHA)
Koha item type წიგნი
ეგზემპლარები
Withdrawn status Lost status Damaged status Not for loan Date acquired Barcode Date last seen Price effective from Koha item type
        2018-12-17 38641 2018-12-17 2018-12-17 წიგნი